LEADER 01024nam a2200217 i 4500 001 000000106093 003 CaOOAMICUS 005 20020404000000.0 008 020404s1982 it u000 u ita u 013 $a78287 040 $aSeMil$bita 245 10$aFrancesco d'Assisi nell'ottavo centenario della nascita /$cpresentazione di Giuseppe Lazzati ; scritti di p. Stanislao da Campagnola ... [et al.]. 260 $aMilano :$bVita e Pensiero,$c1982. 300 $a147 p. ;$c21 cm. 600 04$aFrancesco : d'Assisi .$0(OLS)http://semarc/subject/1416 700 1 $aLazzati, Giuseppe,$d<1909-1986>.$0(OLS)http://semarc/name/41 700 0 $aStanislao : da Campagnola,$c.$0(OLS)http://semarc/name/23280 850 $aSeMil 852 $aSeMil$W1$xVenegono$y1$m3H I 289$j62247$B62247$CSeMilBibl$Z2$F71398 $81 996 $6245$aFrancesco d'Assisi nell'ottavo centenario della nascita$9(OLS)http://semarc/title/153783 996 $6260$aMilano :$bVita e Pensiero$9(OLS)http://semarc/publisher/29642 LEADER 01061nam a2200217 i 4500 001 000000337989 003 CaOOAMICUS 005 20191113161447.0 008 191113s1939 it u000 u ita u 040 $aSeMil$bita 245 10$a46: Le dit du sourd et muet qui fut miracule en l'an de grace 1266 /$cGabriele D'Annunzio. 260 $a[Gardone Riviera] :$bIl vittoriale degli italiani,$c1939. 300 $a148 p. ;$c21 cm. 700 1 $aD'Annunzio, Gabriele,$d<1863-1938>.$0(OLS)http://semarc/name/1300 773 0 $aD'Annunzio, Gabriele <1863-1938>$tOpere di Gabriele D'Annunzio.$d[Gardone Riviera] : Il vittoriale degli italiani, 1939-$w()28298 850 $aSeMil 852 $aSeMil$W1$xVenegono$y1$m1A VI 186$j218220$B230205$CSeMilBibl$Z2$F230205 $81 961 $aDono del dr. Guido Sagramoso 996 $6245$a46: Le dit du sourd et muet qui fut miracule en l'an de grace 1266$9(OLS)http://semarc/title/426899 996 $6260$a[Gardone Riviera] :$bIl vittoriale degli italiani$9(OLS)http://semarc/publisher/58665